000 01703cam a22004094a 4500
090 _c0
001 14978071
005 20080124202646.0
008 070823s2007 nyua 000 0 eng
010 _a 2007035274
020 _a9780071487481
020 _a0071487484
020 _a9780071487528 (Book P/N)
020 _a9780071487535 (CD P/N)
020 _a0071487522 (Book P/N)
020 _a0071487530 (CD P/N)
020 _a0071487484 (Set)
035 _a(OCoLC)ocn140257729
035 _a(OCoLC)140257729
040 _aDLC
_cDLC
_dB@L
_dBAKER
_dDLC
050 0 0 _aHD69.P75
_bP4943 2007
082 _220
_a658.404076
_bPHI
100 1 _aPhillips, Joseph.
245 1 0 _aCAPM/PMP project management certification exam guide /
_cJoseph Phillips.
246 3 0 _aProject management certification exam guide
260 _aNew York :
_bMcGraw-Hill,
_cc2007.
300 _axxiii, 478 p. :
_bill., ;
_c24 cm. +
_e1 CD-ROM (4 3/4 in.)
490 1 _aAll in one
500 _aIncludes index.
650 0 _aProject management
_xExaminations
_vStudy guides.
856 4 2 _3Contributor biographical information
_uhttp://www.loc.gov/catdir/enhancements/fy0745/2007035274-b.html
856 4 2 _3Publisher description
_uhttp://www.loc.gov/catdir/enhancements/fy0745/2007035274-d.html
856 4 1 _3Table of contents only
_uhttp://www.loc.gov/catdir/enhancements/fy0745/2007035274-t.html
942 _2ddc
_cBB
999 _c10696
_d10696